Sports Quiz

Random Sports or MLB Quiz

Most Games Played - Reds (2000s) Quiz Stats

Quiz not verified by Sporcle

Challenge
Share
Tweet
Embed
Score 0/40 Timer 06:00
0 Plays Today
Position Player % Correct
First BaseJoey Votto
93.7%
Second BaseBrandon Phillips
93.3%
First BaseAdam Dunn
92.2%
Left FieldAdam Dunn
92.2%
Center FieldKen Griffey
87.4%
Right FieldKen Griffey
87.4%
ShortstopBarry Larkin
86.3%
First BaseSean Casey
81.1%
Third BaseEdwin Encarnacion
74.4%
Right FieldJay Bruce
72.6%
CatcherJason LaRue
71.5%
Right FieldAustin Kearns
67%
ShortstopFelipe Lopez
54.8%
ShortstopAlex Gonzalez
53.7%
Third BaseAaron Boone
50.7%
Third BaseRyan Freel
49.6%
Center FieldRyan Freel
49.6%
Second BasePokey Reese
44.8%
First BaseScott Hatteberg
43.3%
First BaseDmitri Young
40.7%
Position Player % Correct
Left FieldDmitri Young
40.7%
CatcherRyan Hanigan
40%
CatcherJavier Valentin
38.1%
CatcherDavid Ross
36.7%
Second BaseD'Angelo Jimenez
33%
Center FieldWilly Taveras
30.4%
Second BaseTodd Walker
28.1%
Center FieldCorey Patterson
27.4%
Third BaseJoe Randa
27%
Second BaseJuan Castro
25.9%
Third BaseJuan Castro
25.9%
ShortstopJuan Castro
25.9%
Left FieldLaynce Nix
25.9%
ShortstopJeff Keppinger
24.4%
Left FieldAlex Ochoa
17%
Right FieldAlex Ochoa
17%
Right FieldDante Bichette
15.6%
Left FieldMichael Tucker
14.8%
Center FieldReggie Taylor
12.2%
CatcherKelly Stinnett
9.6%

You're not logged in!

Compare scores with friends on all Sporcle quizzes.
Sign Up with Email
OR
Log In

You Might Also Like...

Show Comments

Extras

Top Quizzes Today


Score Distribution

Your Account Isn't Verified!

In order to create a playlist on Sporcle, you need to verify the email address you used during registration. Go to your Sporcle Settings to finish the process.